Statistics for Most Linguistically Diverse Countries (LDI)

Click here to take the quiz!

General Stats

  • This quiz has been taken 82 times
  • The average score is 13 of 20

Answer Stats

LDI ScoreAnswer% Correct
0.988Papua New Guinea
95%
0.900India
90%
0.951Democratic Republic of the Congo
86%
0.871South Africa
85%
0.927Kenya
71%
0.881
Tanzania
71%
0.975Cameroon
67%
0.953Central African Republic
67%
0.930Uganda
67%
0.922Mozambique
66%
0.875Mali
64%
0.931Chad
63%
0.931South Sudan
56%
0.905Côte d’Ivoire
53%
0.924Benin
52%
0.917Liberia
52%
0.905Togo
51%
0.875Guinea-Bissau
49%
0.968Solomon Islands
40%
0.972Vanuatu
34%

Score Distribution

Percentile by Number Answered

Percent of People with Each Score

Your Score History

You have not taken this quiz